000 01141cam a2200313 a 4500
001 4328182
003 PILC
005 20150112093433.0
008 880418s1988 miua 001 0 eng
010 _a 88011213
020 _a0866120394 :
_c$36.95
040 _aDLC
_cDLC
_dDLC
050 0 0 _aTJ 163.5.H67
_b.Au95 1988
082 0 0 _aHSF 647.940682
_bAU5 1988
100 1 _aAulbach, Robert E.
_913085
245 1 0 _aEnergy and water resource management /
_cRobert E. Aulbach ; contributing author, George R. Conrade.
250 _a2nd ed.
260 _aEast Lansing, Mich. :
_bEducational Institute of the American Hotel & Motel Association,
_c1988.
300 _a262 pages :
_billustration ;
_c29 cm.
500 _aIncludes index.
650 0 _aHotels
_xEnergy conservation.
_913086
650 0 _aMotels
_xEnergy conservation.
_913087
650 0 _aFood service
_xEnergy conservation.
_913088
650 0 _aWater conservation.
_913089
700 1 _aConrade, George R.
_913090
710 2 _aAmerican Hotel & Motel Association.
_bEducational Institute.
_913091
906 _a7
_bcbc
_corignew
_d1
_eocip
_f19
_gy-gencatlg
942 _2lcc
_cBK
999 _c14443
_d14443